Elementos para la comprensión de lo público /privado desde la comunicación /
Gespeichert in:
| 1. Verfasser: | |
|---|---|
| Format: | Text |
| Tags: |
Tag hinzufügen
Keine Tags, Fügen Sie den ersten Tag hinzu!
|
MARC
| LEADER | 00000 a a2200000 04500 | ||
|---|---|---|---|
| 001 | 45811 | ||
| 003 | |||
| 040 | |||
| 100 | |a López Díaz, Fabio | ||
| 245 | |a Elementos para la comprensión de lo público /privado desde la comunicación / |c Fabio López Díaz | ||
| 773 | |g número37 ( 2012), páginas 245-254 | ||
| 999 | |c 22143 |d 22143 | ||
